[Event "Pontevedra op-B 6th"]
[Site "Pontevedra"]
[Date "2018.08.08"]
[Round "1"]
[White "Rebollo Montes, Bernardo"]
[Black "Freire Boudon, Carlos"]
[Result "1-0"]
[WhiteElo "1917"]
[BlackElo "1441"]
[PlyCount "53"]
[EventDate "2018.08.08"]
[EventType "swiss"]
[EventRounds "9"]
[EventCountry "ESP"]
[SourceTitle "CBM 186 Extra"]
[Source "ChessBase"]
[SourceDate "2018.08.24"]
[SourceVersion "1"]
[SourceVersionDate "2018.08.24"]
[SourceQuality "1"]

1. d4 Nf6 2. c4 e6 3. Nc3 d5 4. Bg5 Be7 5. Rc1 Nbd7 6. e3 c6 7. cxd5 exd5 8. Bd3 Nf8 9. Nf3 Ng6 10. Qe2 Qd6 11. h4 Nh5 12. Nh2 Bd8 13. g4 Nf6 14. h5 Nf8 15. Bf4 Qe7 16. Qc2 Ne6 17. Be5 Nd7 18. Nf3 Nxe5 19. Nxe5 f6 20. Nf3 Ng5 21. Nh4 Be6 22. f4 Nf7 23. e4 dxe4 24. Nxe4 Qb4+ 25. Kf1 Qxd4 26. Nf5 Bxf5 27. Nxf6+ 1-0

[Event "Gallego-ch U18"]
[Site "Viveiro"]
[Date "2017.02.28"]
[Round "7"]
[White "Rebollo Montes, Bernardo"]
[Black "Ferreiro Solla, Pablo"]
[Result "1-0"]
[WhiteElo "1822"]
[BlackElo "1704"]
[PlyCount "67"]
[EventDate "2017.02.25"]
[EventType "swiss"]
[EventRounds "8"]
[EventCountry "ESP"]
[SourceTitle "EXT 2024"]
[Source "ChessBase"]
[SourceDate "2023.10.10"]
[SourceVersion "1"]
[SourceVersionDate "2023.10.10"]
[SourceQuality "1"]

1. b3 e5 2. Bb2 Nc6 3. e3 Nf6 4. Bb5 Bd6 5. Na3 a6 6. Bxc6 dxc6 7. Nc4 Qe7 8. a4 0-0 9. Ne2 b5 10. Nxd6 cxd6 11. axb5 cxb5 12. 0-0 Bb7 13. Ng3 Qe6 14. f4 Rac8 15. Rc1 Ne4 16. Nxe4 Bxe4 17. d3 Bb7 18. f5 Qh6 19. Qe2 f6 20. e4 d5 21. Rce1 dxe4 22. d4 exd4 23. Bxd4 Rfd8 24. Be3 Qh4 25. Rf4 Qg5 26. Ref1 Rc3 27. Rxe4 Rxe3 28. Rxe3 h6 29. Re8+ Rxe8 30. Qxe8+ Kh7 31. Qg6+ Qxg6 32. fxg6+ Kxg6 33. g3 a5 34. Ra1 1-0

[Event "Gallego-ch U18"]
[Site "Viveiro"]
[Date "2017.02.25"]
[Round "1"]
[White "Rebollo Montes, Bernardo"]
[Black "Lopez Otero, Brais"]
[Result "1-0"]
[WhiteElo "1822"]
[BlackElo "1291"]
[PlyCount "39"]
[EventDate "2017.02.25"]
[EventType "swiss"]
[EventRounds "8"]
[EventCountry "ESP"]
[SourceTitle "EXT 2024"]
[Source "ChessBase"]
[SourceDate "2023.10.10"]
[SourceVersion "1"]
[SourceVersionDate "2023.10.10"]
[SourceQuality "1"]

1. d4 d5 2. c4 dxc4 3. Nc3 Nf6 4. e4 e6 5. Bxc4 c6 6. Nf3 Be7 7. 0-0 0-0 8. Bd3 b6 9. Qe2 Re8 10. Rd1 Qc7 11. e5 Nd5 12. Ng5 g6 13. Nxh7 Nxc3 14. bxc3 Kxh7 15. Qh5+ Kg8 16. Bxg6 Bg5 17. Qh7+ Kf8 18. Bxg5 fxg6 19. Bh6+ Qg7 20. Qxg7# 1-0

[Event "ESP-ch U16"]
[Site "Granada"]
[Date "2016.07.19"]
[Round "3"]
[White "Toval Lopez, Alberto"]
[Black "Rebollo Montes, Bernardo"]
[Result "1-0"]
[WhiteElo "2016"]
[BlackElo "1900"]
[PlyCount "103"]
[EventDate "2016.07.18"]
[EventType "swiss"]
[EventRounds "9"]
[EventCountry "ESP"]
[SourceTitle "EXT 2024"]
[Source "ChessBase"]
[SourceDate "2023.10.10"]
[SourceVersion "1"]
[SourceVersionDate "2023.10.10"]
[SourceQuality "1"]

1. e4 e6 2. d4 d5 3. Bd3 Nf6 4. e5 Nfd7 5. f4 c5 6. c3 Nc6 7. Nf3 Qb6 8. Bc2 cxd4 9. cxd4 Nb4 10. Nc3 Nxc2+ 11. Qxc2 Bb4 12. 0-0 Qc6 13. Qf2 Nb6 14. Be3 Bxc3 15. bxc3 Nc4 16. Rae1 Bd7 17. Qh4 Qc7 18. Bc1 Qd8 19. Qg3 g6 20. f5 exf5 21. Bg5 Qb6 22. Bf6 Rg8 23. Ng5 Nd2 24. Rf4 Ne4 25. Nxe4 fxe4 26. Rh4 Be6 27. Rxh7 Rc8 28. Bh4 Qc7 29. Qg5 b5 30. h3 a5 31. Kh2 b4 32. cxb4 Qd7 33. Qf6 Qb7 34. Qxe6+ fxe6 35. Rxb7 g5 36. Bg3 axb4 37. Rxb4 Rc2 38. Rb8+ Kf7 39. Rf1+ Kg7 40. Rb7+ Kh8 41. Rff7 Ra8 42. Rh7+ Kg8 43. Rbg7+ Kf8 44. Rf7+ Kg8 45. Rhg7+ Kh8 46. Rxg5 Raxa2 47. Bh4 e3 48. Rf6 Kh7 49. Rf7+ Kh8 50. Rg6 Rf2 51. Bxf2 e2 52. Bh4 1-0

[Event "Galego-ch U16"]
[Site "Padron"]
[Date "2016.03.22"]
[Round "7.8"]
[White "Rebollo Montes, Bernardo"]
[Black "Lobato Rey, Pablo"]
[Result "1-0"]
[WhiteElo "1766"]
[BlackElo "1467"]
[PlyCount "149"]
[EventDate "2016.03.19"]
[EventType "swiss"]
[EventRounds "8"]
[EventCountry "ESP"]
[SourceTitle "EXT 2024"]
[Source "ChessBase"]
[SourceDate "2023.10.10"]
[SourceVersion "1"]
[SourceVersionDate "2023.10.10"]
[SourceQuality "1"]

1. d4 Nf6 2. c4 g6 3. Nc3 Bg7 4. e4 d6 5. f3 0-0 6. Be3 e5 7. d5 Nh5 8. Qd2 f5 9. 0-0-0 f4 10. Bf2 Nd7 11. Kb1 Ndf6 12. Nge2 Bd7 13. c5 Qe7 14. cxd6 cxd6 15. Nc1 a6 16. Bb6 Rfc8 17. Nb3 Be8 18. Bd3 Nd7 19. Bf2 b5 20. Rc1 Nhf6 21. Ne2 Qd8 22. Qb4 Bf8 23. Qa3 Nb6 24. Qa5 Nfd7 25. Rxc8 Rxc8 26. Qxa6 Ra8 27. Qxb5 Nc5 28. Qb4 Nxd3 29. Qxb6 Nxf2 30. Qxf2 Ba4 31. Nbc1 Rb8 32. Nc3 Qa5 33. Nxa4 Qxa4 34. Qc2 Qb5 35. Nb3 Qa6 36. Qc6 Rb6 37. Qc3 Qe2 38. Qc2 Qa6 39. Rc1 Rb8 40. Qc4 Qa7 41. Qc7 Rb7 42. Qa5 Qe3 43. Qc3 Qb6 44. Qc6 Qa7 45. Qc3 Qb6 46. h3 h6 47. Rc2 Qg1+ 48. Nc1 Qa7 49. Qd2 Rb8 50. Rc3 Rb7 51. Qc2 Qa6 52. Qd3 Qa5 53. Qc2 Qa6 54. Ka1 Qa5 55. Nb3 Qa6 56. a3 Qb6 57. Ka2 Qa6 58. Rc8 Qb6 59. Qc3 Qb5 60. Qc4 Qb6 61. Rc6 Qa7 62. Rc8 Qb6 63. Qb4 Qa6 64. Qa5 Qd3 65. Rxf8+ Kxf8 66. Qa8+ Ke7 67. Qxb7+ Kf6 68. Qd7 Qa6 69. Qe6+ Kg7 70. Qd7+ Kf6 71. a4 g5 72. Qb5 Qa7 73. a5 Kg6 74. a6 Kf6 75. Qb7 1-0

[Event "Galego-ch U16"]
[Site "Padron"]
[Date "2016.03.20"]
[Round "3.2"]
[White "Rebollo Montes, Bernardo"]
[Black "Boo Vallejo, Marcos"]
[Result "1/2-1/2"]
[WhiteElo "1766"]
[BlackElo "1915"]
[PlyCount "36"]
[EventDate "2016.03.19"]
[EventType "swiss"]
[EventRounds "8"]
[EventCountry "ESP"]
[SourceTitle "EXT 2024"]
[Source "ChessBase"]
[SourceDate "2023.10.10"]
[SourceVersion "1"]
[SourceVersionDate "2023.10.10"]
[SourceQuality "1"]

1. d4 d5 2. c4 e6 3. Nc3 c6 4. e3 f5 5. Nf3 Bd6 6. Bd3 Nf6 7. Qc2 Ne4 8. Rb1 0-0 9. b4 g5 10. b5 g4 11. Ne5 Bxe5 12. dxe5 Nd7 13. Bb2 Ndc5 14. Ba3 Rf7 15. Bxe4 Nxe4 16. Nxe4 fxe4 17. Bd6 Bd7 18. bxc6 Bxc6 1/2-1/2

[Event "Gallego-ch U18"]
[Site "Viveiro"]
[Date "2016.02.09"]
[Round "7"]
[White "Rebollo Montes, Bernardo"]
[Black "Boo Vallejo, Marcos"]
[Result "0-1"]
[WhiteElo "1817"]
[BlackElo "1940"]
[PlyCount "61"]
[EventDate "2016.02.06"]
[EventType "swiss"]
[EventRounds "8"]
[EventCountry "ESP"]
[SourceTitle "EXT 2024"]
[Source "ChessBase"]
[SourceDate "2023.10.10"]
[SourceVersion "1"]
[SourceVersionDate "2023.10.10"]
[SourceQuality "1"]

1. d4 d5 2. c4 e6 3. Nc3 Nf6 4. Nf3 Be7 5. e3 Nbd7 6. Qc2 c6 7. g4 h6 8. Rg1 dxc4 9. e4 b5 10. g5 hxg5 11. e5 Nd5 12. Nxg5 Nf8 13. f4 Nb4 14. Qf2 Qxd4 15. Qxd4 Nc2+ 16. Kd1 Nxd4 17. Bg2 Bxg5 18. fxg5 Bb7 19. Ne4 Nf5 20. Nc5 0-0-0+ 21. Ke2 Nd7 22. Nxb7 Kxb7 23. a4 a6 24. axb5 axb5 25. Bf4 Nc5 26. Ra2 Nd4+ 27. Ke3 Nf5+ 28. Ke2 Ra8 29. Rga1 Rxa2 30. Rxa2 Nd3 31. h3 0-1

[Event "Gallego-ch U18"]
[Site "Viveiro"]
[Date "2016.02.08"]
[Round "6"]
[White "Rebollo Montes, Bernardo"]
[Black "Gonzalez Lopez, Manuel"]
[Result "1/2-1/2"]
[WhiteElo "1817"]
[BlackElo "1737"]
[PlyCount "118"]
[EventDate "2016.02.06"]
[EventType "swiss"]
[EventRounds "8"]
[EventCountry "ESP"]
[SourceTitle "EXT 2024"]
[Source "ChessBase"]
[SourceDate "2023.10.10"]
[SourceVersion "1"]
[SourceVersionDate "2023.10.10"]
[SourceQuality "1"]

1. d4 Nf6 2. c4 c5 3. d5 b5 4. cxb5 a6 5. b6 e6 6. Nc3 Nxd5 7. Nxd5 exd5 8. Qxd5 Nc6 9. Nf3 Rb8 10. e4 Be7 11. Bc4 0-0 12. 0-0 Rxb6 13. Rd1 Na5 14. Be2 d6 15. Qd2 Nc6 16. b3 Rb4 17. Bc4 Bf6 18. Rb1 Ne5 19. Nxe5 Bxe5 20. Bb2 Qf6 21. Bxe5 dxe5 22. Qd6 Rb6 23. Qxf6 gxf6 24. Rbc1 Bb7 25. Bd5 Bxd5 26. Rxd5 Rc8 27. Rcxc5 Rxc5 28. Rxc5 Rd6 29. g3 Kg7 30. Rc2 Kg6 31. Kg2 f5 32. exf5+ Kxf5 33. Kf3 h5 34. h4 f6 35. Rc3 Rd2 36. a3 a5 37. Rc5 Rd3+ 38. Kg2 a4 39. bxa4 Rxa3 40. a5 Ke4 41. Rc6 f5 42. a6 f4 43. gxf4 Kxf4 44. Re6 Kg4 45. a7 Kxh4 46. Re8 Rxa7 47. Rxe5 Ra3 48. Re8 Kg4 49. f3+ Kf5 50. Rh8 Kg5 51. Rg8+ Kf5 52. Rb8 Kf4 53. Rb4+ Kf5 54. Kg3 Rc3 55. Rf4+ Kg5 56. Rf8 h4+ 57. Kh3 Rc4 58. Rg8+ Kf5 59. Rh8 Kg5 1/2-1/2

[Event "Mondariz Cemar op 2nd"]
[Site "Mondariz"]
[Date "2015.08.19"]
[Round "5"]
[White "Rebollo Montes, Bernardo"]
[Black "Bello Filgueira, Joaquin Antonio"]
[Result "1-0"]
[WhiteElo "1785"]
[BlackElo "1831"]
[PlyCount "95"]
[EventDate "2015.08.16"]
[EventType "swiss"]
[EventRounds "9"]
[EventCountry "ESP"]
[SourceTitle "EXT 2019"]
[Source "ChessBase"]
[SourceDate "2018.10.10"]
[SourceVersion "1"]
[SourceVersionDate "2018.10.10"]
[SourceQuality "1"]

1. d4 Nf6 2. c4 e6 3. Nc3 Bb4 4. Qc2 0-0 5. a3 Be7 6. Bg5 d5 7. Nf3 b6 8. cxd5 exd5 9. e3 Bb7 10. Be2 h6 11. Bh4 Ne4 12. Bxe7 Qxe7 13. Rc1 c5 14. dxc5 Nxc5 15. 0-0 Nbd7 16. Rfd1 Nf6 17. Nd4 Qe5 18. b4 Nce4 19. Nxe4 dxe4 20. Qc7 Qxc7 21. Rxc7 Rab8 22. Nf5 Bc8 23. Ne7+ Kh8 24. Nc6 Rb7 25. Rxb7 Bxb7 26. Nxa7 Ra8 27. Nb5 Bc6 28. Nd4 Bd5 29. Ra1 Rc8 30. a4 g6 31. a5 bxa5 32. bxa5 Nd7 33. h3 Ne5 34. a6 Nd3 35. f3 f5 36. fxe4 fxe4 37. a7 Rc1+ 38. Rxc1 Nxc1 39. Bc4 Bb7 40. Nb5 Nd3 41. Nc7 Nb4 42. a8Q+ Bxa8 43. Nxa8 Kg7 44. Nc7 Kf6 45. Nd5+ Nxd5 46. Bxd5 Ke5 47. Bb7 g5 48. Kf2 1-0

[Event "Mondariz Cemar op 2nd"]
[Site "Mondariz"]
[Date "2015.08.16"]
[Round "1"]
[White "Espineira Gonzalez, Diego Adrian"]
[Black "Rebollo Montes, Bernardo"]
[Result "1-0"]
[WhiteElo "2380"]
[BlackElo "1785"]
[PlyCount "81"]
[EventDate "2015.08.16"]
[EventType "swiss"]
[EventRounds "9"]
[EventCountry "ESP"]
[SourceTitle "EXT 2019"]
[Source "ChessBase"]
[SourceDate "2018.10.10"]
[SourceVersion "1"]
[SourceVersionDate "2018.10.10"]
[SourceQuality "1"]

1. e4 d5 2. exd5 Qxd5 3. Nf3 Nf6 4. d4 Bg4 5. Be2 e6 6. Be3 Be7 7. Nbd2 0-0 8. c4 Qa5 9. 0-0 c6 10. h3 Bxf3 11. Nxf3 Rd8 12. Qc2 Nbd7 13. a3 Qc7 14. Rfe1 Bf8 15. Bf1 c5 16. Rad1 Rac8 17. Qb3 cxd4 18. Bxd4 Bc5 19. Bc3 a6 20. Qc2 Be7 21. b4 b5 22. c5 Nb6 23. Ng5 Nbd5 24. Be5 Qb7 25. Bd3 h6 26. Ne4 Qa7 27. Qb3 Nxe4 28. Bxe4 Nc7 29. Qg3 Ne8 30. Bf4 Kh8 31. Qe3 Kg8 32. Bf3 Bf6 33. Qe4 Rb8 34. Bxb8 Qxb8 35. Qb7 Qf4 36. Rxd8 Bxd8 37. Qc8 Bh4 38. Qxe8+ Kh7 39. Rd1 Qf5 40. Qc6 g6 41. Qe4 1-0

[Event "Pontevedra op 3rd"]
[Site "Pontevedra"]
[Date "2015.08.09"]
[Round "1"]
[White "Oratovsky, Michael"]
[Black "Rebollo Montes, Bernardo"]
[Result "1-0"]
[WhiteElo "2495"]
[BlackElo "1785"]
[PlyCount "136"]
[EventDate "2015.08.09"]
[EventType "swiss"]
[EventRounds "9"]
[EventCountry "ESP"]
[SourceTitle "EXT 2016"]
[Source "ChessBase"]
[SourceDate "2015.10.08"]
[SourceVersion "1"]
[SourceVersionDate "2015.10.08"]
[SourceQuality "1"]

1. e4 d5 2. exd5 Qxd5 3. Nc3 Qa5 4. Nf3 Nf6 5. d4 Bf5 6. Bd2 c6 7. Bc4 e6 8. Nd5 Qd8 9. Nxf6+ gxf6 10. Bf4 Nd7 11. Bb3 Nb6 12. Bg3 Bg4 13. c3 a5 14. a3 f5 15. Qd3 Bxf3 16. Qxf3 Bd6 17. Bxd6 Qxd6 18. Qg3 Kd7 19. Qxd6+ Kxd6 20. 0-0-0 Rhg8 21. g3 Kc7 22. Rde1 Nd7 23. Bd1 Nf6 24. Bf3 Rad8 25. a4 Rd7 26. Re5 b6 27. Kc2 Rgd8 28. Kb3 Rd6 29. h3 Nd7 30. Re2 c5 31. dxc5 Nxc5+ 32. Kc2 Nxa4 33. g4 Rd3 34. Bg2 f4 35. Be4 f3 36. Bxd3 fxe2 37. Bxe2 Nc5 38. Re1 h6 39. Bb5 Kd6 40. f4 Ke7 41. b4 axb4 42. cxb4 Nb7 43. Ra1 Nd6 44. Bd3 Kf6 45. Re1 Re8 46. Re5 Kg7 47. Re1 f6 48. Ra1 Re7 49. Ra6 Rb7 50. Ra8 Rd7 51. Rb8 Rb7 52. Rd8 Nf7 53. Rc8 e5 54. fxe5 Nxe5 55. Bf5 Nf3 56. Kc3 Ng1 57. Kc4 Nxh3 58. Kb5 Nf4 59. Rc4 Ne2 60. Kc6 Rb8 61. Kc7 Re8 62. Kxb6 Re5 63. b5 Rd5 64. Rc7+ Kf8 65. Rc8+ Ke7 66. Rc7+ Kf8 67. Ka6 Nd4 68. b6 Rb5 1-0

[Event "ESP-ch U16"]
[Site "Salobrena"]
[Date "2015.07.24"]
[Round "7"]
[White "Chao Vale, Fernando"]
[Black "Rebollo Montes, Bernardo"]
[Result "1-0"]
[WhiteElo "1937"]
[BlackElo "1718"]
[PlyCount "133"]
[EventDate "2015.07.20"]
[EventType "swiss"]
[EventRounds "9"]
[EventCountry "ESP"]
[SourceTitle "EXT 2016"]
[Source "ChessBase"]
[SourceDate "2015.10.08"]
[SourceVersion "1"]
[SourceVersionDate "2015.10.08"]
[SourceQuality "1"]

1. e4 d5 2. exd5 Qxd5 3. Nc3 Qa5 4. d4 Nf6 5. Nf3 Bf5 6. Bc4 e6 7. Bd2 c6 8. Nd5 Qd8 9. Nxf6+ gxf6 10. Bb3 Nd7 11. Qe2 Qc7 12. 0-0-0 a5 13. a3 b5 14. Nh4 Bg6 15. Nxg6 hxg6 16. Rhe1 Bd6 17. d5 e5 18. dxc6 Qxc6 19. Be3 Rc8 20. Bd5 Qc7 21. Rd2 b4 22. a4 Nc5 23. Red1 Be7 24. Qc4 Rh7 25. Kb1 Kf8 26. Bxc5 Bxc5 27. h3 Bd4 28. Qe2 Qc5 29. Bb3 Rc7 30. Rf1 Kg7 31. Rd3 Rh8 32. f4 exf4 33. Rxf4 Qe5 34. Re4 Qg5 35. Rdxd4 Rhc8 36. Qd2 Qf5 37. Re1 Kh7 38. Rd3 Qc5 39. g4 Kg7 40. h4 f5 41. Rd5 Qc6 42. gxf5 Re8 43. Rxe8 Qxe8 44. fxg6 fxg6 45. Rd8 Qe5 46. Qd4 Re7 47. Qxe5+ Rxe5 48. Rd4 Kf6 49. Kc1 g5 50. hxg5+ Rxg5 51. Rd6+ Ke7 52. Rd5 Rg1+ 53. Kd2 Rg2+ 54. Kd3 Rg4 55. Rxa5 Kd6 56. Rd5+ Kc6 57. Rd4 Rg7 58. Kc4 Rb7 59. Rh4 Rb8 60. Rh6+ Kc7 61. Rh5 Kc6 62. Rc5+ Kd6 63. Rb5 Rh8 64. Kxb4 Rh4+ 65. c4 Kc6 66. a5 Rh7 67. Bd1 1-0

[Event "ESP-ch U16"]
[Site "Salobrena"]
[Date "2015.07.20"]
[Round "1"]
[White "Ventura Bolet, Alexandre"]
[Black "Rebollo Montes, Bernardo"]
[Result "1/2-1/2"]
[WhiteElo "2087"]
[BlackElo "1718"]
[PlyCount "74"]
[EventDate "2015.07.20"]
[EventType "swiss"]
[EventRounds "9"]
[EventCountry "ESP"]
[SourceTitle "EXT 2016"]
[Source "ChessBase"]
[SourceDate "2015.10.08"]
[SourceVersion "1"]
[SourceVersionDate "2015.10.08"]
[SourceQuality "1"]

1. e4 d5 2. exd5 Qxd5 3. Nf3 Nf6 4. d4 Bg4 5. Be2 e6 6. h3 Bh5 7. Be3 c6 8. 0-0 Bd6 9. c4 Qa5 10. Nc3 Nbd7 11. a3 0-0 12. Qb3 Qc7 13. Rfd1 Rad8 14. Rac1 a6 15. Qa2 Bf4 16. Bxf4 Qxf4 17. b4 Nb6 18. g3 Qc7 19. a4 Rfe8 20. a5 Nbd7 21. Ng5 Bxe2 22. Qxe2 Qd6 23. Rb1 h6 24. Nf3 Qc7 25. Qe3 Kh8 26. Ne2 Kg8 27. Nf4 Nf8 28. Nd3 Rd6 29. Rb2 Ng6 30. Rbd2 Rdd8 31. Nde5 Nxe5 32. dxe5 Rxd2 33. Qxd2 Nh7 34. Qd7 Re7 35. Qd8+ Nf8 36. Qxc7 Rxc7 37. Kf1 Rd7 1/2-1/2

[Event "Arteixo Concello U2200 op 15th"]
[Site "Arteixo"]
[Date "2014.07.26"]
[Round "3.8"]
[White "Rebollo Montes, Bernardo"]
[Black "Santiago Pereira, Miguel Angel"]
[Result "0-1"]
[WhiteElo "1614"]
[BlackElo "1920"]
[PlyCount "72"]
[EventDate "2014.07.25"]
[EventType "swiss"]
[EventRounds "6"]
[EventCountry "ESP"]
[SourceTitle "EXT 2024"]
[Source "ChessBase"]
[SourceDate "2023.10.10"]
[SourceVersion "1"]
[SourceVersionDate "2023.10.10"]
[SourceQuality "1"]

1. d4 Nf6 2. c4 g6 3. Nc3 Bg7 4. e4 d6 5. Nf3 0-0 6. Bd3 Nbd7 7. 0-0 e5 8. d5 Nc5 9. b4 Nxd3 10. Qxd3 Nh5 11. c5 f5 12. cxd6 cxd6 13. a4 f4 14. Ba3 g5 15. Nd2 g4 16. b5 Rf6 17. Nc4 Bf8 18. b6 a6 19. Rac1 Rh6 20. g3 Qg5 21. Rfe1 f3 22. Rc2 Nf4 23. Qf1 Rxh2 24. Kxh2 Qh5+ 25. Kg1 Nh3+ 26. Kh2 Nxf2+ 27. Kg1 Qh1+ 28. Kxf2 Qh2+ 29. Ke3 Qxc2 30. Ne2 Qxc4 31. Kf2 fxe2 32. Rxe2 Bd7 33. Ke1 Bxa4 34. Bxd6 Bxd6 35. Qf6 Bb4+ 36. Kf1 Rf8 0-1

[Event "Arteixo Concello U2200 op 15th"]
[Site "Arteixo"]
[Date "2014.07.25"]
[Round "1.4"]
[White "Rebollo Montes, Bernardo"]
[Black "Gude Fernandez, Antonio"]
[Result "0-1"]
[WhiteElo "1614"]
[BlackElo "2054"]
[PlyCount "58"]
[EventDate "2014.07.25"]
[EventType "swiss"]
[EventRounds "6"]
[EventCountry "ESP"]
[SourceTitle "EXT 2024"]
[Source "ChessBase"]
[SourceDate "2023.10.10"]
[SourceVersion "1"]
[SourceVersionDate "2023.10.10"]
[SourceQuality "1"]

1. d4 Nf6 2. c4 c5 3. d5 e6 4. Nc3 exd5 5. cxd5 d6 6. e4 g6 7. Bd3 Bg7 8. Nf3 0-0 9. 0-0 Re8 10. Re1 a6 11. a4 Bg4 12. h3 Bxf3 13. Qxf3 Nbd7 14. Bf4 Qc7 15. Bh2 c4 16. Bf1 Rab8 17. Bxc4 Qxc4 18. Bxd6 Ne5 19. Qe3 Rbd8 20. Bxe5 Rxe5 21. f4 Ree8 22. Rac1 Bf8 23. Kh1 Qb4 24. Qd2 Nxe4 25. Qe3 Bc5 26. Nxe4 Bxe3 27. Nf6+ Kf8 28. Nxe8 Bxc1 29. Rxc1 Rxe8 0-1